[Event "Czechia KP-chTA 0607"]
[Site "Czech Republic"]
[Date "2007.02.18"]
[Round "8.5"]
[White "Koci, Vaclav"]
[Black "Pauch, Jan"]
[Result "1/2-1/2"]
[WhiteElo "1851"]
[BlackElo "2096"]
[PlyCount "49"]
[EventDate "2006.10.29"]
[EventType "team"]
[EventRounds "11"]
[EventCountry "CZE"]
[SourceTitle "EXT 2008"]
[Source "ChessBase"]
[SourceDate "2007.11.25"]
[SourceVersion "1"]
[SourceVersionDate "2007.11.25"]
[SourceQuality "1"]
[WhiteTeam "AS MB"]
[BlackTeam "Lysa nad Labem II"]
[WhiteTeamCountry "CZE"]
[BlackTeamCountry "CZE"]

1. f4 c5 2. Nf3 Nf6 3. b3 g6 4. Bb2 Bg7 5. e3 0-0 6. Be2 Nc6 7. 0-0 d6 8. Qe1 Bg4 9. d3 e6 10. Nbd2 Nd5 11. Bxg7 Kxg7 12. Bd1 Qf6 13. Rb1 Nc3 14. Ne4 Nxe4 15. dxe4 Bxf3 16. Bxf3 Rad8 17. c3 Qe7 18. Qg3 f5 19. exf5 exf5 20. Bd5 Rde8 21. Rbe1 Qd7 22. Qf3 Re7 23. Qg3 Ree8 24. Qf3 Re7 25. Qg3 1/2-1/2

[Event "Czechia KP-chTA 0607"]
[Site "Czech Republic"]
[Date "2007.02.18"]
[Round "10.5"]
[White "Koci, Vaclav"]
[Black "Svejdar, Ludek"]
[Result "0-1"]
[WhiteElo "1851"]
[BlackElo "1946"]
[PlyCount "77"]
[EventDate "2006.10.29"]
[EventType "team"]
[EventRounds "11"]
[EventCountry "CZE"]
[SourceTitle "EXT 2008"]
[Source "ChessBase"]
[SourceDate "2007.11.25"]
[SourceVersion "1"]
[SourceVersionDate "2007.11.25"]
[SourceQuality "1"]
[WhiteTeam "AS MB"]
[BlackTeam "Bakov nad Jizerou"]
[WhiteTeamCountry "CZE"]
[BlackTeamCountry "CZE"]

1. f4 d5 2. e3 Nf6 3. Nf3 e6 4. b3 Be7 5. Bb2 0-0 6. Be2 c5 7. 0-0 Nc6 8. Bb5 Qc7 9. Bxc6 Qxc6 10. Ne5 Qc7 11. d3 b5 12. Nd2 c4 13. bxc4 dxc4 14. dxc4 bxc4 15. Bd4 c3 16. Nb3 Ba6 17. Rf3 Ne4 18. Rh3 g6 19. Ng4 f6 20. Nh6+ Kg7 21. Qg4 Bc8 22. Qh4 Rh8 23. Rf1 Ba6 24. Re1 Bb7 25. Rf1 Bd5 26. Ng4 h5 27. Ne5 Kh7 28. Ng4 Rhf8 29. f5 exf5 30. Rxf5 Bf7 31. Rxh5+ gxh5 32. Nxf6+ Nxf6 33. Bxf6 Bxf6 34. Qxf6 Bg6 35. Qg5 Qf7 36. Rf3 Qd7 37. Nd4 Rxf3 38. gxf3 Re8 39. Kf2 0-1

[Event "Czechia KP-chTA 0607"]
[Site "Czech Republic"]
[Date "2007.01.21"]
[Round "6.6"]
[White "Schmalz, Michal"]
[Black "Koci, Vaclav"]
[Result "1-0"]
[WhiteElo "1646"]
[BlackElo "1851"]
[PlyCount "85"]
[EventDate "2006.10.29"]
[EventType "team"]
[EventRounds "11"]
[EventCountry "CZE"]
[SourceTitle "EXT 2008"]
[Source "ChessBase"]
[SourceDate "2007.11.25"]
[SourceVersion "1"]
[SourceVersionDate "2007.11.25"]
[SourceQuality "1"]
[WhiteTeam "Kladno II"]
[BlackTeam "AS MB"]
[WhiteTeamCountry "CZE"]
[BlackTeamCountry "CZE"]

1. e4 c6 2. d4 d5 3. exd5 cxd5 4. Bd3 e6 5. Bf4 Nc6 6. c3 Be7 7. Nf3 f5 8. h4 Nf6 9. Nbd2 0-0 10. Qe2 Ne4 11. Bg5 Nxg5 12. Nxg5 Bxg5 13. hxg5 Qxg5 14. 0-0-0 Bd7 15. Rdg1 Rf6 16. g4 Rh6 17. gxf5 Rxh1 18. Rxh1 exf5 19. Qf3 Ne7 20. Kc2 Rc8 21. Re1 Qf6 22. Qf4 Nc6 23. Nf3 Nb4+ 24. Kd2 Nxd3 25. Kxd3 Qa6+ 26. Ke3 Qxa2 27. Qd6 f4+ 28. Kxf4 Rf8+ 29. Kg3 Bf5 30. Re7 Qb1 31. Qxd5+ Kh8 32. Qe5 Rg8 33. Re8 Bd7 34. Rxg8+ Kxg8 35. Qd5+ Kf8 36. Qxd7 Qg6+ 37. Qg4 Qd3 38. Kg2 Qb5 39. Qf4+ Kg8 40. Qb8+ Kf7 41. Ne5+ Ke7 42. Qc7+ Ke8 43. c4 1-0

[Event "CZE-chT3A Middle 0506  "]
[Site "Czech Republic"]
[Date "2006.04.02"]
[Round "11.4"]
[White "Koci, Vaclav"]
[Black "Gruber, Milos"]
[Result "1/2-1/2"]
[WhiteElo "1861"]
[BlackElo "1878"]
[PlyCount "33"]
[EventDate "2005.10.30"]
[EventType "team"]
[EventRounds "11"]
[EventCountry "CZE"]
[SourceTitle "EXT 2009"]
[Source "ChessBase"]
[SourceDate "2008.11.26"]
[SourceVersion "1"]
[SourceVersionDate "2008.11.26"]
[SourceQuality "1"]

1. f4 c5 2. Nf3 Nc6 3. e3 d5 4. Bb5 Nf6 5. 0-0 Bg4 6. Qe1 Bxf3 7. Rxf3 Qc7 8. c4 e6 9. cxd5 exd5 10. b3 Ne4 11. Bb2 f5 12. Nc3 0-0-0 13. Rc1 d4 14. Na4 d3 15. Bxc6 bxc6 16. Be5 Qa5 17. Bc3 1/2-1/2

[Event "CZE-chT3A Middle 0506  "]
[Site "Czech Republic"]
[Date "2006.01.22"]
[Round "6.5"]
[White "Koci, Vaclav"]
[Black "Kucera, Vladimir"]
[Result "1-0"]
[WhiteElo "1861"]
[BlackElo "2106"]
[PlyCount "47"]
[EventDate "2005.10.30"]
[EventType "team"]
[EventRounds "11"]
[EventCountry "CZE"]
[SourceTitle "EXT 2009"]
[Source "ChessBase"]
[SourceDate "2008.11.26"]
[SourceVersion "1"]
[SourceVersionDate "2008.11.26"]
[SourceQuality "1"]

1. f4 d5 2. e3 g6 3. d4 Bg7 4. Nf3 Bg4 5. Bd3 f5 6. 0-0 Nf6 7. c3 Bxf3 8. Rxf3 0-0 9. Nd2 e6 10. b4 Re8 11. a4 Nbd7 12. Qb3 c6 13. Be2 Qc7 14. Ba3 a5 15. Rc1 Bf8 16. Bb2 Bd6 17. b5 h6 18. c4 cxb5 19. cxd5 bxa4 20. Qa2 Qb6 21. dxe6 Nb8 22. Nc4 Qd8 23. e7 Bxe7 24. Ne5+ 1-0

[Event "CZE-chT3A Middle 0506  "]
[Site "Czech Republic"]
[Date "2005.11.13"]
[Round "2.4"]
[White "Vanecek, Jiri"]
[Black "Koci, Vaclav"]
[Result "1-0"]
[WhiteElo "2068"]
[BlackElo "1861"]
[PlyCount "99"]
[EventDate "2005.10.30"]
[EventType "team"]
[EventRounds "11"]
[EventCountry "CZE"]
[SourceTitle "EXT 2009"]
[Source "ChessBase"]
[SourceDate "2008.11.26"]
[SourceVersion "1"]
[SourceVersionDate "2008.11.26"]
[SourceQuality "1"]

1. e4 c6 2. Nf3 d5 3. exd5 cxd5 4. d4 e6 5. c3 f5 6. Nbd2 Nf6 7. Ne5 Be7 8. Ndf3 0-0 9. h3 Ne4 10. Bd3 Nd7 11. Nxd7 Bxd7 12. Ne5 Be8 13. Bf4 Rc8 14. Bh2 Bg5 15. 0-0 Qb6 16. Bxe4 fxe4 17. Rb1 Bb5 18. Re1 Rf5 19. a4 Be8 20. c4 Qb4 21. b3 Qe7 22. c5 Qf8 23. Rb2 h5 24. b4 h4 25. b5 Bf6 26. Ng4 Bh5 27. Rd2 Bd8 28. Bd6 Qe8 29. Ra2 Qg6 30. a5 Bc7 31. Bxc7 Rxc7 32. a6 bxa6 33. Rxa6 Rf8 34. Ne5 Qf5 35. Qd2 Rb8 36. Qa5 Rcc8 37. Nd7 Rb7 38. c6 Rbc7 39. Rxa7 Rxa7 40. Qxa7 e3 41. fxe3 Be8 42. Ne5 Bh5 43. Qa2 Qf8 44. b6 Qb4 45. Rb1 Qc3 46. Qb3 Qd2 47. b7 Rf8 48. b8Q Qf2+ 49. Kh1 Kh7 50. Qxf8 1-0